| 000 -LEADER |
| fixed length control field |
00527nam a22001937a 4500 |
| 008 - FIXED-LENGTH DATA ELEMENTS--GENERAL INFORMATION |
| fixed length control field |
131031b xxu||||| |||| 00| 0 alb d |
| 020 ## - INTERNATIONAL STANDARD BOOK NUMBER |
| International Standard Book Number |
9994361147 |
| 041 0# - LANGUAGE CODE |
| Language code of text/sound track or separate title |
alb |
| 080 ## - UNIVERSAL DECIMAL CLASSIFICATION NUMBER |
| Universal Decimal Classification number |
330(075.8) |
| 245 ## - TITLE STATEMENT |
| Title |
Hyrje në ekonomi / |
| Statement of responsibility, etc |
Ahmet Mançellari...[et al.]. |
| 260 ## - |
| -- |
Tiranë : |
| -- |
,,Pegi" ; |
| -- |
2002. |
| 300 ## - |
| -- |
422 f. : |
| -- |
me il. ; |
| -- |
24 cm. |
| 650 #0 - |
| -- |
Ekonomia |
| -- |
Tekste universitare |
| 700 1# - |
| -- |
Mançellari, Ahmet |
| 700 1# - |
| -- |
Hadëri, Sulo |
| 700 1# - |
| -- |
Kule, Dhori |
| 700 1# - |
| -- |
Qirici, Stefan |
| 942 ## - ADDED ENTRY ELEMENTS (KOHA) |
| Source of classification or shelving scheme |
|
| Item type |
Books |